000 00335nam a2200133Ia 4500
008 240624s9999 xx 000 0 und d
041 _aeng
082 _a299 MIG
100 _aRUIZ DON MIGUEL
245 _aFOUR AGREEMENTS A PRACTICAL GUIDE TO PER
260 _c1997
_aNew Delhi
_bHay House
300 _a160 p.; 17 cm.
365 _cRS
999 _c31902
_d31902